000 01018cam a22003377a 4500
003 CHAP
005 20220329140350.0
008 971013s1943 r 00010 d
010 _a50958
011 _a51930
035 _a56080
040 _cCHAP
082 _a501
_bP6Y
100 0 0 _aPoincaré, Henri.
_990173
245 1 3 _aLa ciencia y la hipótesis
260 _aBuenos Aires :
_bEspasa-Calpe Argentina,
_c1943
300 _a232 p.
490 0 _aColección Austral
590 _aBATCH-UPD
_b10
_c20130110
_lUCH01
_h0541
590 _aBATCH-UPD
_b10
_c20130110
_lUCH01
_h2323
590 _aBATCH-UPD
_b10
_c20130410
_lUCH01
_h0222
590 _aBATCH-UPD
_b10
_c20130410
_lUCH01
_h1614
590 _aBATCH-UPD
_b10
_c20130914
_lUCH01
_h0934
590 _aCONVERSION
_b10
_c20130109
_lUCH01
_h1328
650 1 4 _aCiencia
_xFilosofía.
_923124
650 1 4 _aHipótesis.
_955557
830 0 _aColección Austral
_924712
901 _aBK
942 _cLIBRO
949 _a501 P6Y
_bBC
_cBPA
_d-122677
_eBPA
_h52600
_i56080
_mD
_si
999 _c50958
_d50958